Theory and method. (Record no. 6320)

MARC details
000 -LEADER
fixed length control field 00525nam a22001937a 4500
003 - CONTROL NUMBER IDENTIFIER
control field OSt
005 - DATE AND TIME OF LATEST TRANSACTION
control field 20190918120140.0
008 - FIXED-LENGTH DATA ELEMENTS--GENERAL INFORMATION
fixed length control field 190918b ||||| |||| 00| 0 eng d
020 ## - INTERNATIONAL STANDARD BOOK NUMBER
International Standard Book Number 033368110x
040 ## - CATALOGING SOURCE
Transcribing agency DDC.
082 ## - DEWEY DECIMAL CLASSIFICATION NUMBER
Classification number 300CHU 2000.
100 ## - MAIN ENTRY--PERSONAL NAME
Personal name Churton,Mel;
9 (RLIN) 12944
245 ## - TITLE STATEMENT
Title Theory and method.
Remainder of title skills based Sociology.
260 ## - PUBLICATION, DISTRIBUTION, ETC. (IMPRINT)
Place of publication, distribution, etc. london,
Name of publisher, distributor, etc. Macmillan Press LTD.
Date of publication, distribution, etc. 2000.
300 ## - PHYSICAL DESCRIPTION
Extent xii,324p;
Other physical details ill;
Dimensions 26cm.
504 ## - BIBLIOGRAPHY, ETC. NOTE
Bibliography, etc includes references and index.
650 ## - SUBJECT ADDED ENTRY--TOPICAL TERM
Topical term or geographic name as entry element Sociology.
9 (RLIN) 2259
942 ## - ADDED ENTRY ELEMENTS (KOHA)
Source of classification or shelving scheme Dewey Decimal Classification
Koha item type Open Shelf
Holdings
Withdrawn status Lost status Source of classification or shelving scheme Damaged status Not for loan Home library Current library Date acquired Source of acquisition Inventory number Total Checkouts Full call number Barcode Date last seen Price effective from Koha item type
    Dewey Decimal Classification     MUST Main Library MUST Main Library 18/09/2019 Purchase 03/19579   300CHU 2000. 2019-0444 18/09/2019 18/09/2019 Open Shelf
    Dewey Decimal Classification     MUST Main Library MUST Main Library 08/07/2024 Purchase 03/19580   300CHU 2000. 2024-21808 08/07/2024 08/07/2024 Open Shelf